De l'unité dans l'enseignement de la philosophie au sein des écoles catholiques (Record no. 162914)

MARC details
000 -LEADER
campo de control de longitud fija 00684nam a22001575i 4500
001 - NÚMERO DE CONTROL
campo de control 162914
003 - IDENTIFICADOR DE NÚMERO DE CONTROL
campo de control ES-MaACL
005 - FECHA Y HORA DE LA ÚLTIMA TRANSACCIÓN
campo de control 20230906212629.0
008 - DATOS DE LONGITUD FIJA--INFORMACIÓN GENERAL
campo de control de longitud fija 050712s1861 fr |||| | fre d
040 ## - FUENTE DE CATALOGACIÓN
Centro catalogador/agencia de origen CAM
Lengua de catalogación spa
Centro/agencia transcriptor CAM
100 1# - ENTRADA PRINCIPAL--NOMBRE DE PERSONA
Nombre de persona Ramière, Henry (
Fechas asociadas al nombre 1821-1884)
9 (RLIN) 131575
245 10 - MENCIÓN DEL TÍTULO
Título De l'unité dans l'enseignement de la philosophie au sein des écoles catholiques
Resto del título : d'après les récentes décisions des congregations romaines /
Mención de responsabilidad, etc. par le P. H. Ramière de la Compagnie de Jésus.
260 ## - PUBLICACIÓN, DISTRIBUCIÓN, ETC.
Lugar de publicación, distribución, etc. Paris ;
-- Lyon :
Nombre del editor, distribuidor, etc. Libraire Catholique de Périsse Frères,
Fecha de publicación, distribución, etc. [s.a.] (
Lugar de fabricación/manufactura Le Puy :
Fabricante Imp. Machessou)
300 ## - DESCRIPCIÓN FÍSICA
Extensión XIV, 220 p. ;
Dimensiones 23 cm.
852 ## - LOCALIZACIÓN
Ubicación ES-MaACL
Número de control de estantería G-10837
Nota libre -- Enc. hol.
Holdings
Estatus retirado Estado de pérdida Estado de daño No para préstamo Biblioteca de origen Biblioteca actual Ubicación en estantería Fecha de adquisición Fuente de adquisición Total de préstamos Signatura topográfica completa Código de barras Visto por última vez Precio de reemplazo Tipo de ítem Koha
        Biblioteca del Ateneo de Madrid Biblioteca del Ateneo de Madrid Sala Pecera Planta 3 17/01/2008     G-10837 1170694 23/02/2023 23/02/2023 Libro impreso